| 000 | 01340nam a2200289 a 4500 | ||
|---|---|---|---|
| 001 | 000030690 | ||
| 003 | DO-SdBNP | ||
| 005 | 20240409073642.0 | ||
| 007 | ta | ||
| 008 | 110328t1986 dr ac 001 0dspa d | ||
| 040 |
_aDO-SdBNP _bspa _cBNPHU |
||
| 082 | 4 |
_a972.93053 _bE79u 1930 _222 |
|
| 245 | 0 | 4 |
_aLos Estados Unidos y Trujillo : año 1930 : _bcolección de documentos del Departamento de Estado, de las Fuerzas Armadas Norteamericanas y de los archivos del Palacio Nacional Dominicano / _cBernardo Vega ; editor José Chez Checo. |
| 260 |
_aSanto Domingo : _bFundación Cultural Dominicana, _c1986. |
||
| 300 |
_a2 v. : _bil., retrs. ; _c26 cm. |
||
| 500 | _aIncluye datos biográficos del autor en la contracubierta. | ||
| 500 | _aIncluye índice onomástico. | ||
| 500 | _aIncluye referencias bibliograficas y notas al pie de las páginas. | ||
| 590 | _aInventariado, 2021/ LP | ||
| 600 | 1 | 0 |
_aTrujillo Molina, Rafael Leónidas, _d 1891-1961 _976764 |
| 651 | 4 |
_aEstados Unidos _xRelaciones Exteriores _zRepública Dominicana _96309 |
|
| 651 | 4 |
_aRepública Dominicana _xRelaciones Exteriores _zEstados Unidos _96308 |
|
| 651 | 4 |
_aRepública Dominicana _xPolítica Y Gobierno _yERA DE TRUJILLO, 1930-1961 _91374 |
|
| 700 | 1 | 2 |
_aChez Checo, José, _d1949- _eed. _910145 |
| 910 | _aValidado. Control de calidad EMS. | ||
| 942 |
_2ddc _cLBS1 |
||
| 999 |
_c30182 _d30182 |
||